<?xml version="1.0" encoding="UTF-8"?>
<record
    xmlns:xsi="http://www.w3.org/2001/XMLSchema-instance"
    xsi:schemaLocation="http://www.loc.gov/MARC21/slim http://www.loc.gov/standards/marcxml/schema/MARC21slim.xsd"
    xmlns="http://www.loc.gov/MARC21/slim">

  <leader>01590nam0a2200313   4500</leader>
  <controlfield tag="001">RU\NLR\BIBL_A\012179005</controlfield>
  <controlfield tag="005">20260406232828.0</controlfield>
  <datafield tag="035" ind1=" " ind2=" ">
    <subfield code="a">(NLR Aleph) 012179005</subfield>
  </datafield>
  <datafield tag="090" ind1=" " ind2=" ">
    <subfield code="a">12273332</subfield>
    <subfield code="c">12273332</subfield>
  </datafield>
  <datafield tag="100" ind1=" " ind2=" ">
    <subfield code="a">20190610d1898    |||y0rusy50      ca</subfield>
  </datafield>
  <datafield tag="101" ind1="0" ind2=" ">
    <subfield code="a">rus</subfield>
  </datafield>
  <datafield tag="102" ind1=" " ind2=" ">
    <subfield code="a">RU</subfield>
  </datafield>
  <datafield tag="105" ind1=" " ind2=" ">
    <subfield code="a">y   z   000 y</subfield>
  </datafield>
  <datafield tag="200" ind1="1" ind2=" ">
    <subfield code="a">&#x41F;&#x440;&#x438;&#x43B;&#x43E;&#x436;&#x435;&#x43D;&#x438;&#x44F; &#x43A; &#x421;&#x43C;&#x435;&#x442;&#x435; &#x437;&#x435;&#x43C;&#x441;&#x43A;&#x438;&#x445; &#x43F;&#x43E;&#x432;&#x438;&#x43D;&#x43D;&#x43E;&#x441;&#x442;&#x435;&#x439; &#x43D;&#x430; 1899 &#x433;&#x43E;&#x434; &#x43F;&#x43E; &#x422;&#x443;&#x440;&#x43A;&#x435;&#x441;&#x442;&#x430;&#x43D;&#x441;&#x43A;&#x43E;&#x43C;&#x443; &#x43A;&#x440;&#x430;&#x44E;</subfield>
  </datafield>
  <datafield tag="210" ind1=" " ind2=" ">
    <subfield code="a">[&#x421;&#x430;&#x43D;&#x43A;&#x442;-&#x41F;&#x435;&#x442;&#x435;&#x440;&#x431;&#x443;&#x440;&#x433;</subfield>
    <subfield code="c">&#x431;. &#x438;.</subfield>
    <subfield code="d">1898]</subfield>
  </datafield>
  <datafield tag="215" ind1=" " ind2=" ">
    <subfield code="a">&#x420;&#x430;&#x437;&#x434;. &#x43F;&#x430;&#x433;.</subfield>
    <subfield code="d">34</subfield>
  </datafield>
  <datafield tag="300" ind1=" " ind2=" ">
    <subfield code="a">&#x412; &#x43A;&#x43E;&#x43D;&#x446;&#x435; &#x43E;&#x442;&#x434;&#x435;&#x43B;&#x44C;&#x43D;&#x44B;&#x445; &#x43F;&#x440;&#x438;&#x43B;&#x43E;&#x436;&#x435;&#x43D;&#x438;&#x439;: &#x418;. &#x434;. &#x423;&#x43F;&#x440;&#x430;&#x432;&#x43B;&#x44F;&#x44E;&#x449;&#x435;&#x433;&#x43E; &#x41A;&#x430;&#x43D;&#x446;&#x435;&#x43B;&#x44F;&#x440;&#x438;&#x435;&#x439; &#x422;&#x443;&#x440;&#x43A;&#x435;&#x441;&#x442;&#x430;&#x43D;&#x441;&#x43A;&#x43E;&#x433;&#x43E; &#x413;&#x435;&#x43D;&#x435;&#x440;&#x430;&#x43B;-&#x413;&#x443;&#x431;&#x435;&#x440;&#x43D;&#x430;&#x442;&#x43E;&#x440;&#x430; (&#x43F;&#x43E;&#x434;&#x43F;&#x438;&#x441;&#x44C;); &#x414;&#x435;&#x43B;&#x43E;&#x43F;&#x440;&#x43E;&#x438;&#x437;&#x432;&#x43E;&#x434;&#x438;&#x442;&#x435;&#x43B;&#x44C; &#x410;&#x444;&#x430;&#x43D;&#x430;&#x441;&#x44C;&#x435;&#x432;</subfield>
  </datafield>
  <datafield tag="309" ind1=" " ind2=" ">
    <subfield code="a">&#x411;&#x435;&#x437; &#x442;&#x438;&#x442;. &#x43B;. &#x438; &#x43E;&#x431;&#x43B;.</subfield>
  </datafield>
  <datafield tag="606" ind1="1" ind2=" ">
    <subfield code="a">&#x41F;&#x43E;&#x432;&#x438;&#x43D;&#x43D;&#x43E;&#x441;&#x442;&#x438; &#x437;&#x435;&#x43C;&#x441;&#x43A;&#x438;&#x435;</subfield>
    <subfield code="j">&#x414;&#x43E;&#x43A;&#x443;&#x43C;&#x435;&#x43D;&#x442;&#x44B; &#x438; &#x43C;&#x430;&#x442;&#x435;&#x440;&#x438;&#x430;&#x43B;&#x44B;</subfield>
    <subfield code="y">&#x422;&#x443;&#x440;&#x43A;&#x435;&#x441;&#x442;&#x430;&#x43D;&#x441;&#x43A;&#x438;&#x439; &#x43A;&#x440;&#x430;&#x439;</subfield>
    <subfield code="9">2415155</subfield>
    <subfield code="3">RU\NLR\AUTH\6601657638</subfield>
  </datafield>
  <datafield tag="686" ind1="3" ind2=" ">
    <subfield code="a">&#x423;26(28)187.45,011</subfield>
  </datafield>
  <datafield tag="702" ind1=" " ind2="1">
    <subfield code="4">720</subfield>
    <subfield code="7">ca</subfield>
    <subfield code="8">rus</subfield>
    <subfield code="a">&#x410;&#x444;&#x430;&#x43D;&#x430;&#x441;&#x44C;&#x435;&#x432;</subfield>
    <subfield code="b">&#x410;. &#x41C;.</subfield>
    <subfield code="c">&#x447;&#x438;&#x43D;&#x43E;&#x432;&#x43D;&#x438;&#x43A;, &#x43A;&#x430;&#x43D;&#x446;&#x435;&#x43B;&#x44F;&#x440;&#x438;&#x44F; &#x422;&#x443;&#x440;&#x43A;&#x435;&#x441;&#x442;&#x430;&#x43D;. &#x433;&#x435;&#x43D;.-&#x433;&#x443;&#x431;&#x435;&#x440;&#x43D;&#x430;&#x442;&#x43E;&#x440;&#x430;</subfield>
    <subfield code="f">19-20 &#x432;&#x432;.</subfield>
    <subfield code="g">&#x410;&#x440;&#x43A;&#x430;&#x434;&#x438;&#x439; &#x41C;&#x438;&#x445;&#x430;&#x439;&#x43B;&#x43E;&#x432;&#x438;&#x447;</subfield>
    <subfield code="9">223970</subfield>
    <subfield code="3">RU\NLR\AUTH\770224026</subfield>
  </datafield>
  <datafield tag="710" ind1="0" ind2="2">
    <subfield code="a">&#x422;&#x443;&#x440;&#x43A;&#x435;&#x441;&#x442;&#x430;&#x43D;&#x441;&#x43A;&#x438;&#x439; &#x433;&#x435;&#x43D;&#x435;&#x440;&#x430;&#x43B;-&#x433;&#x443;&#x431;&#x435;&#x440;&#x43D;&#x430;&#x442;&#x43E;&#x440;</subfield>
    <subfield code="3">RU\NLR\AUTH\889985905</subfield>
    <subfield code="9">467448</subfield>
  </datafield>
  <datafield tag="852" ind1=" " ind2=" ">
    <subfield code="a">NLR</subfield>
    <subfield code="j">135/294-339 (6)</subfield>
  </datafield>
  <datafield tag="942" ind1=" " ind2=" ">
    <subfield code="c">BOOK</subfield>
  </datafield>
  <datafield tag="980" ind1=" " ind2=" ">
    <subfield code="a">NB</subfield>
  </datafield>
</record>
